[Event "Petrov Memorial op"]
[Site "St Petersburg"]
[Date "2000.02.16"]
[Round "9"]
[White "Malaniuk, Vladimir P"]
[Black "Genba, Vladimir"]
[Result "1-0"]
[WhiteElo "2572"]
[BlackElo "2454"]
[Annotator "Tsesarsky,I"]
[PlyCount "113"]
[EventDate "2000.02.05"]
[EventType "swiss"]
[EventRounds "9"]
[EventCountry "RUS"]
[SourceTitle "CBM 076"]
[Source "ChessBase"]
[SourceDate "2000.05.31"]
[SourceVersion "1"]
[SourceVersionDate "2000.05.31"]
[SourceQuality "1"]

{[%mdl 32]} 1. d4 d5 2. c4 e6 3. Nf3 Nf6 4. e3 c5 5. cxd5 exd5 (5... Nxd5 $11)
6. Bb5+ Bd7 7. Bxd7+ Nbxd7 (7... Qxd7 $11) 8. dxc5 Nxc5 9. O-O Bd6 (9... Nce4
10. Bd2 (10. b3 Bd6 11. Ba3 O-O $11) 10... Bc5 11. Bc3 O-O 12. Bd4 Rc8 13. Nbd2
Bxd4 14. Nxd4 Qb6 15. Nxe4 dxe4 16. Qb3 $11 {1-0 Rashkovsky,N-Loginov,A/Moscow
op2 1995/EXP 50 (41)}) (9... Be7 10. Bd2 (10. b3 O-O 11. Bb2 Qd7 12. Nc3 Rad8
13. Rc1 Rfe8 14. Ne2 Nfe4 $11 {1/2-1/2 Hellsten,J-Hall,J/ch-SWE, Ronneby SWE
1998 (25)}) (10. Nc3 O-O 11. b3 Rc8 (11... Nce4 12. Bb2 (12. Ne2 $11 Qa5 13.
Bb2 {In openings like this - with pawn structure with isolated P - enouph to
change 2 pars of B - and it will be drawn position.} Ba3 $11 {1/2-1/2 Piket,
J-Asrian,K/Groningen NED 1998 (30)}) 12... Qa5 13. Qd3 {1/2-1/2 Savon,
V-Volzhin,A/Zepter Open, Minsk BLR 1998 (13)}) 12. Bb2 Nce4 (12... Nfe4 13. Ne2
Qa5 14. a3 Rfd8 {1/2-1/2 Cvitan,O-Schmittdiel,E/Liechtenstein ,EXT 1994 (14)})
13. Nxe4 (13. Ne2 Qa5 14. a3 Rfd8 {1/2-1/2 Cvitan,O-Schmittdiel,E/Ruggell op
1994 (14)} (14... Rfd8 15. Nfd4 Qa6 16. Nf4 Bf8 $11 {1/2-1/2 Hebden,
M-Magomedov,M/Dhaka 1995/CBM 48/(41)})) (13. Qd3 Qa5 14. Rfc1 Bb4 $11) 13...
dxe4 14. Qxd8 Rfxd8 15. Nd4 $11 {1/2-1/2 Legky,N-Rodriguez,A/Aosta ,EXT 1990 
(21)}) 10... O-O 11. Bc3 Nfe4 (11... Rc8 12. Bd4 Nfe4 13. Nc3 Ne6 14. Be5 Nxc3
15. Bxc3 h6 $11 {1-0 Malaniuk,V-Caposciutti,M/Forli 1992 (59)}) 12. Bd4 Ne6 13.
Nc3 Nxd4 14. Nxd4 Nxc3 15. bxc3 $11 {1-0 Eingorn,V-Polaczek,R/Stockholm 1989/
Inf 49 (70)}) 10. Bd2 (10. Nc3 a6 (10... Rc8 11. b3 Nce4 12. Nb5 Bb8 13. Bb2
O-O 14. Nbd4 Qa5 $11 {1/2-1/2 Buturin,V-Feigin,M/Pardubice ,EXT 1995 (108)})
11. b3 O-O 12. Bb2 Rc8 13. Rc1 (13. g3 Bb8 14. Qd4 Qd7 15. Rfd1 Rfd8 $11 {
1/2-1/2 Lorincz,I-Karsa,L/HUN-chT1 1995 (34)}) 13... Re8 14. Qd4 Ne6 15. Qd3
Qa5 $11 {0-1 Eingorn,V-Agzamov,G/USSR 1983/Inf 35 (57)}) (10. b3 O-O 11. Bb2
Nce4 12. Nc3 Rc8 13. Rc1 Nxc3 (13... Bb4 14. Nxe4 dxe4 15. Qxd8 Rfxd8 16. Ng5
$16 {1/2-1/2 Kharitonov,A-Asrian,K/Smolensk RUS 1997 (37)}) 14. Rxc3 Rxc3 15.
Bxc3 Ne4 16. Qd4 Nxc3 17. Qxc3 Qd7 18. Qd4 a6 19. Rd1 Rd8 20. g3 Bc7 $11) 10...
Nce4 {This opening doesn't promise to White any advantage.} (10... O-O 11. Bc3
Rc8 (11... Nfe4 12. Bd4 Ne6 13. Nc3 Qa5 $11 {1-0 Malaniuk,V-Zelcic,R/Nova
Gorica SLO 1997 (36)}) 12. Bxf6 Qxf6 13. Nc3 Rfe8 14. Qd4 Qxd4 15. Nxd4 Nd3 16.
Rab1 Be5 {1/2-1/2 Matamoros Franco,C-Bricard,E/Cannes op 1996 (16)}) 11. Bc3
O-O 12. Bd4 Bc5 (12... Rc8 13. Qb3 (13. Bxa7 b6 14. Qb3 Bc5 15. Na3 Ra8 16. Nb5
Qe7 $15 {[%csl Ra7]}) 13... Bc5 14. Qxb7 Rb8 15. Qa6 Bxd4 16. Nxd4 Rxb2 17. f3
Nd6 18. Qxa7 Re8 $44) 13. Bxc5 Nxc5 14. Nc3 Nce4 15. Rc1 Rc8 16. Qb3 Qa5 (16...
Nxc3 17. Rxc3 Rxc3 18. Qxc3 Qb6 (18... Qc8 19. Rc1 Qxc3 20. Rxc3 $16) 19. Rc1
$14 {[%cal Gc1c7]}) 17. Qb5 Qxb5 18. Nxb5 a6 19. Nbd4 g6 (19... Rfe8 $11) 20.
Ne5 Nd6 (20... Rfe8 21. Nd3 h5 $11) 21. Nd3 Rxc1 22. Rxc1 Rc8 {White
understand - wihout rooks there is no chanse to win the game.} 23. Re1 (23.
Rxc8+ Nxc8 $11) 23... Nde8 $6 (23... h5 24. f3 Kf8 $11) 24. f3 Ng7 25. Nf4 Ngh5
(25... g5 26. Nd3 Ne6 27. Nf5 Kf8 $11) 26. Nfe2 Ng7 27. Nc3 Ne6 28. Rd1 Nxd4
29. Rxd4 Rc4 30. Rd3 h5 $6 $14 (30... Rc5 $5 31. b4 Rc4 32. a3 a5 33. bxa5 Rc5
$11) 31. Kf2 (31. Nxd5 Nxd5 32. Rxd5 Rc1+ 33. Kf2 Rc2+ 34. Kg3 Rxb2 $11) 31...
Kf8 ({Now after} 31... a5 {[%cal Gc4c5]} 32. Nxd5 Rc2+ 33. Kg3 Nxd5 34. Rxd5
Rxb2 35. Rxa5 b5 36. h4 b4 37. e4 b3 38. axb3 Rxb3 $14 {This endgame is drawn,
but Black must play precisely.}) 32. Ke2 Rc5 33. b4 Rc7 34. Kd2 (34. Nxd5 $2
Rc2+ $1 35. Kd1 Nxd5 36. Kxc2 Nxb4+ 37. Kd2 Nxd3 38. Kxd3 Ke7 $11) 34... Rd7 $2
$16 (34... Rc4 35. a3 a5 36. bxa5 Rc5 37. Ne2 Rxa5 38. Rb3 $14) 35. Na4 $1 {
White have some achievements: Black rook left file "c", White K came to the
center.} Ke7 36. Nb6 Rd8 37. Rc3 {[%cal Gc3c7] White R occupate the only open
file "c"} Kd6 38. Rc5 (38. Kd3 Nd7 39. Nxd7 Rxd7 40. Kd4 f6 41. Rc5 Ke6 42. a4
g5 43. a5 h4 44. h3 Rd6 45. Rc7 b6 46. Rc8 (46. Ra7 bxa5 47. bxa5 Rc6 $11)
46... bxa5 47. bxa5 Kf5 48. Kc5 Rd7 49. Ra8 Re7 50. Rxa6 Rxe3 51. Rd6 $16)
38... h4 39. Kd3 Rh8 40. a4 (40. h3 Rh5 41. Kd4 Rg5 42. e4 $18) 40... Rh5 41.
Kd4 Rf5 42. h3 Rh5 43. a5 Rh8 44. Nxd5 Nd7 45. Rc2 Ne5 (45... f5 46. e4 fxe4
47. fxe4 Ne5 48. Rf2 $16) 46. Nb6 (46. e4 $16) 46... Nc6+ $6 $18 (46... Rd8 47.
e4 (47. Rc8 Nc6+ 48. Kc4 Ne5+ 49. Kc3 Rxc8+ 50. Nxc8+ Ke6 51. Nb6 Nc6 $16)
47... Nc6+ 48. Kc4 Ke6 49. Nd5 Rc8 50. Kd3 Ne5+ 51. Kd2 Nc4+ 52. Ke2 $16) 47.
Kc3 Ke6 48. Rd2 Rh5 49. Na4 (49. Nd7 $18) 49... Rb5 50. Nc5+ Kf6 51. Nxa6 Kg7
52. Rd6 $1 Nxa5 53. Nc7 Rh5 {The last trap} (53... Re5 54. Kd4 Re7 55. Nd5 Re6
56. Rxe6 Nb3+ 57. Kc3 fxe6 58. Nf4 Nc1 59. Kb2 $18) 54. Ne8+ (54. bxa5 $4 Rc5+
55. Kd3 Rxc7 $16) 54... Kf8 55. Nf6 Rb5 56. bxa5 Ke7 57. Rd5 1-0

[Event "Tan Chin Nam Cup 8th"]
[Site "Qingdao"]
[Date "2002.07.05"]
[Round "3"]
[White "Goldin, Alexander"]
[Black "Sandipan, Chanda"]
[Result "1-0"]
[WhiteElo "2609"]
[BlackElo "2507"]
[Annotator "Tsesarsky,I"]
[PlyCount "91"]
[EventDate "2002.07.04"]
[EventType "swiss"]
[EventRounds "9"]
[EventCountry "CHN"]
[SourceTitle "CBM 091"]
[Source "ChessBase"]
[SourceDate "2002.11.12"]
[SourceVersion "1"]
[SourceVersionDate "2002.11.12"]
[SourceQuality "1"]

1. d4 d5 2. c4 e6 3. Nf3 c6 4. Qc2 Nf6 5. Bg5 dxc4 6. Qxc4 b5 7. Qc2 Bb7 8. e3
Nbd7 9. Be2 (9. Bd3 h6 (9... a6 10. a4 {-see detailed commented game  0-1
Gelfand,B-Krasenkow,M/Lvov 2000/CBM 77[Tsesarsky,I] (37)}) 10. Bxf6 $1 (10. Bh4
{-see detailed commented game 1-0 Gurevich,M-Grischuk,A/Cannes 2001/CBM 82_01 
[Tsesarsky,I](44)})) (9. Nbd2 a6 (9... Qb6 10. Be2 c5 {-see commented game 1-0
Ibragimov,I-Lugo,B/New York 1998/CBM 64[Tsesarsky,I] (20)}) 10. a4 Qb6 (10...
h6 11. Bxf6 Qxf6 12. Bd3 $14 {-see detailed commented game 1/2-1/2 Sanjay,
N-Kharlov,A/Calcutta 2001/CBM 82_01[Tsesarsky,I] (44)}) 11. Be2 {-see
commented game 1/2-1/2 Fominyh,A-Kharlov,A/Samara 2000/CBM 78[Tsesarsky,I] (41)
}) 9... Be7 $6 $14 {Playing this position both sides should take into account
c6-c5 move. In order to prepare it better was} (9... a6 10. a4 Rc8 11. O-O Be7
12. Nbd2 O-O 13. Bxf6 gxf6 14. Qe4 $5 $14 (14. Nb3 {-see detailed commented
game 1/2-1/2 Krasenkow,M-Tregubov,P/Wijk aan Zee NED 2002/ CBM87 [Tsesarsky,I]
(41)})) {Bf8-e7 is tempo loss in point of view of c6-c5 promotion...} 10. O-O
O-O 11. Nbd2 Qb6 {[%cal Gc6c5] The main point in this position is mentioned
above c6-c5 promotion. Black tries to prepare it, in other hand, White tries
to avoid it. In case that black P will stand on c6 Bb7 will be "bad".} 12. Ne5
({Interesting was} 12. a4 $5 bxa4 13. Rxa4 c5 {Black did it. But White's
pieces are too active.} 14. Nc4 Qc7 15. Bf4 Qc8 16. Nd6 Qc6 (16... Bxd6 17.
Bxd6 Be4 (17... cxd4 18. Rc4 $18) 18. Qc1 Rd8 19. dxc5 $16) 17. Nxb7 Qxb7 18.
Rc1 Nb6 19. Raa1 cxd4 20. Nxd4 $16 {[%csl Ge2,Gf4]}) 12... Nxe5 ({Or} 12...
Rfd8 13. Nb3 $16) 13. dxe5 $16 {[%csl Rd6]} Nd5 14. Bxe7 Nxe7 15. Bd3 {[%csl
Rh7][%cal Gc2h7]} Ng6 16. Bxg6 $1 {[%csl Rb7,Gd2] Good positional decision!
Nd2 will go to e4 and will be much more powerful than poor Bc7.} hxg6 17. Ne4
Rfd8 18. Rfd1 ({Possible also} 18. Nd6 c5 19. Rfc1 c4 20. b3 cxb3 21. axb3 {
[%cal Gc2c7]} Rd7 22. b4 $16 {[%csl Ra5,Rc5]}) 18... c5 $6 $18 {Black
sacrifices P in order to give diagonal for Bb7, but...} (18... Rd5 $142 19.
Rxd5 exd5 $1 (19... cxd5 20. Nd6 Rd8 21. Rc1 Rd7 22. b4 $18) 20. Nd6 Bc8 21.
Rc1 Bd7 22. b4 a5 23. a3 axb4 24. axb4 Ra4 25. Qd2 $16) 19. Nxc5 Qc6 {[%csl
Rg2][%cal Gb7g2]} 20. f4 {[%cal Gb2b4]} b4 21. Rd6 $1 {This impact makes
Black's position hopeless.} Rxd6 22. exd6 {[%csl Gd6]} Rd8 23. Rd1 Bc8 24. Qc4
Rxd6 $6 ({More stubborn was} 24... b3 $1 25. axb3 Rxd6 26. Rxd6 Qxd6 27. Qd4
$18 {This position strategically winning for White, but a bit better for Black
because of doubled PP b2 and b3 - compare this position with position from the
game.}) 25. Rxd6 Qxd6 26. Qxb4 Qd1+ 27. Kf2 Qh5 (27... Qc2+ 28. Kg3 Qe2 29. Qc3
$18) 28. h3 {Rest moves is not interesting...} Kh7 29. Qd4 f6 30. b4 e5 31.
fxe5 fxe5 32. Qd8 Qf5+ 33. Kg1 Qb1+ 34. Kh2 Bf5 35. a3 Qe1 36. Qg5 e4 37. Qf4
Qc1 38. g4 Bc8 39. Nxe4 Qxa3 40. Ng5+ Kh6 41. Ne6+ Kh7 42. Nf8+ Kg8 43. Nxg6
Qb2+ 44. Kg3 Be6 45. Ne7+ Kh8 46. Qg5 1-0

[Event "ISR-ch"]
[Site "Ramat Aviv"]
[Date "1998.11.10"]
[Round "2.2"]
[White "Kantsler, Boris"]
[Black "Rabinovich, Alexander"]
[Result "1-0"]
[WhiteElo "2535"]
[BlackElo "2460"]
[Annotator "Tsesarsky,I"]
[PlyCount "99"]
[EventDate "1998.11.08"]
[EventType "k.o."]
[EventRounds "5"]
[EventCountry "ISR"]
[SourceTitle "CBM 068"]
[Source "ChessBase"]
[SourceDate "1999.02.01"]
[SourceVersion "1"]
[SourceVersionDate "1999.02.01"]
[SourceQuality "1"]

{[%mdl 20480]} 1. d4 d5 2. c4 e6 3. Nf3 c6 4. Qc2 Nd7 5. Bg5 (5. e3 Bd6 6. Be2
Ne7 7. Nc3 f5 8. O-O (8. g4 $2 fxg4 9. Nd2 Nf6 10. e4 e5 $1 $17 {0-1 Tabatadze,
T-Bangiev,A/Pula 1990 (26)}) 8... O-O 9. b3 $14) (5. g3 Ne7 (5... dxc4 6. Qxc4
c5 7. Bg2 Nb6 8. Qc2 cxd4 9. O-O Ne7 10. Rd1 Nc6 11. Bf4 f6 $1 $17 {0-1
Epishin-Vancouver 68020/computer Uhrenhandica 1991 (39)}) (5... f5 6. cxd5 (6.
Bg2 Ngf6 7. O-O Ne4 8. Nbd2 Bd6 9. Nxe4 fxe4 10. Ng5 Nf6 11. f3 h6 12. fxe4
hxg5 13. e5 $16 {1-0 Dlugy,M-Cadavid,A/New York 1991 (22)}) 6... cxd5 7. Bf4
Nb6 8. Bc7 Qe7 9. Bxb6 axb6 10. e3 Bd7 11. Nc3 Nf6 12. Ne5 $14 {1-0 Fridman,
D-Zhuravliov,V/Riga ,EXT 1995 (68)}) (5... Be7 6. Bg2 Ngf6 7. O-O Ne4 8. Nc3 f5
9. Rd1 O-O 10. Ne1 g5 11. Nxe4 fxe4 12. f3 exf3 13. Bxf3 dxc4 14. Qxc4 Nb6 15.
Qb3 Nd5 16. e4 $14 {1-0 Kogelov,G-Ekenlov,L/cr WCCF candi 1991 (21)}) (5... b5
6. b3 (6. cxb5 cxb5 7. Bf4 Bb7 8. Bg2 Ngf6 9. O-O Rc8 10. Qb3 a6 11. a4 b4 12.
Nbd2 Be7 13. Rfc1 O-O $11 {1/2-1/2 Lukasiewicz,G-Bacrot,E/Cannes 1994 (26)})
6... bxc4 7. bxc4 Ba6 8. Nbd2 Qa5 9. e3 Rc8 10. c5 Bxf1 11. Kxf1 e5 12. Nxe5
Nxe5 13. dxe5 Qxc5 $15 {0-1 Kustar,S-Burmakin,V/Balatonbereny ,EXT 1993 (36)})
(5... b6 6. Bg2 Bb7 7. O-O Rc8 8. Nbd2 Ngf6 9. e4 dxe4 10. Nxe4 Nxe4 11. Qxe4
Bd6 12. b3 O-O 13. Bb2 Nf6 14. Qc2 h6 15. Rfe1 Re8 16. Rad1 Qc7 17. c5 Be7 18.
Ne5 $14 {1-0 Ryskin-Pedersen,S/Minsk 1994 (26)}) (5... g6 6. e4 dxe4 7. Qxe4
Bg7 8. Bg2 Ngf6 9. Qe2 O-O 10. O-O Qe7 11. Nc3 Rd8 12. Bf4 $14 {1/2-1/2
Kurajica,B-Blatny,P/EuT-ch, Pula CRO 1997 (63)}) (5... Bd6 6. Bg2 (6. Bf4 Bxf4
7. gxf4 Ngf6 8. Nbd2 Qa5 9. e3 c5 10. a3 dxc4 11. Bxc4 O-O 12. dxc5 Qxc5 13.
Rc1 b6 14. b4 Qe7 15. Rg1 Bb7 16. Qb2 Rac8 17. Ke2 g6 18. Nd4 Kh8 19. N4f3 Kg8
20. h4 $132 {0-1 Stefanov,P-Negulescu,A/ROM-ch Predeal 1988/EXT 88ch (32)} (20.
Nd4 Kh8 $11)) 6... f5 (6... Ne7 7. O-O O-O 8. e4 dxc4 9. Qxc4 e5 10. Qe2 exd4
11. Nxd4 Ne5 12. Rd1 Qc7 13. h3 Bc5 14. Nc3 b5 15. Be3 Qb6 16. a4 Nc4 17. a5 (
17. axb5 Nxe3 18. Na4 Qb8 19. Qxe3 Bxd4 20. Qxd4 cxb5 21. Nc5 a5 22. e5 Ra7 23.
Qd6 Bf5 $14) (17. Nxc6 Nxe3 (17... Nxc6 18. Nd5 Bxe3 19. Nxb6 Bxb6 20. axb5 $18
) 18. Nxe7+ Bxe7 19. fxe3 bxa4 (19... Qg6 20. Nd5 Bd8 21. Qf3 bxa4 22. Rxa4 $14
) 20. Nd5 Qd8 21. Nf6+ Bxf6 22. Rxd8 Bxd8 23. e5 Rb8 24. Rxa4 Bb6 $14) 17...
Qa6 (17... Nxa5 18. b4 Bxb4 19. Ndxb5 Qb8 20. Rab1 cxb5 21. Rxb4 a6 $15) 18.
Ne6 (18. Nxc6 Nxe3 19. Nxe7+ Bxe7 20. Qxe3 $16) 18... Bxe6 19. Bxc5 $16 {
0-1 Bacrot,E-Dao Thien Hai/Balatonbereny ,CBM 1996 (44)}) 7. O-O Ngf6 8. b3 (8.
Bf4 Bxf4 9. gxf4 Qe7 (9... Ne4 10. Nbd2 Nxd2 11. Qxd2 b6 12. Qc3 Bb7 13. Rfd1
Qe7 14. cxd5 exd5 (14... cxd5 15. Rdc1 $14) 15. b4 $14 {1-0 Danielian,
O-Relange,E/Cannes juniors(6) 1993 (39)}) 10. e3 O-O 11. Ne5 Ng4 12. Nd2 Ndxe5
13. dxe5 Bd7 14. Nf3 Kh8 15. Rac1 Rac8 16. Rfd1 Nh6 17. cxd5 cxd5 18. Qd2 Bc6
19. Nd4 $14 {1/2-1/2 Solozhenkin,E-Knaak,R/Jyvaskyla ,EXT 1994 (37)}) (8. cxd5
cxd5 9. Nc3 a6 10. Bf4 Bxf4 11. gxf4 O-O 12. Na4 Nb6 13. Nc5 Qd6 14. Ne5 Rb8
15. a4 Na8 16. a5 $14 {1-0 Taimanov,M-Lisitsin,G/Leningrad 1949 (38)}) 8... Qe7
9. Bb2 Ne4 10. Ne5 Nxe5 11. dxe5 Bc5 12. Nc3 Bd7 (12... Nxc3 13. Qxc3 O-O $14)
13. Na4 Bb4 14. f3 Bc5+ 15. Nxc5 Qxc5+ 16. e3 Ng5 (16... Qxe3+ 17. Kh1 Ng5 (
17... Nc5 18. Rfe1 (18. cxd5 $16) 18... Qh6 19. cxd5 $16) 18. Bc1 $18) 17. Bd4
$14 (17. Qc1 $2 dxc4 18. Ba3 Qa5 19. e4 fxe4 20. fxe4 h6 $132 {1-0 Zangiev,
P-Volkov,S/St.Petersburg Petrov 1996/CBM 52/(54)} (20... Qxe5 21. Qxc4 O-O-O
22. h4 Nf7 $44))) 6. Bg2 g6 7. O-O Bg7 8. e4 dxe4 9. Qxe4 O-O 10. Nc3 Nf5 11.
Rd1 Qa5 12. Bf4 Qb4 13. Qe2 Nb6 14. c5 Nd5 15. Nxd5 exd5 16. a3 Qc4 17. Qd2 Re8
18. Rac1 Qb3 19. g4 Ne7 20. h3 $14 {1/2-1/2 Polugaevsky,L-Ljubojevic,L/Riga 
(izt) 1979/Inf 28 (31)}) (5. Bf4 Ngf6 6. e3 (6. Nbd2 Be7 7. e3 O-O 8. Bd3 dxc4
9. Nxc4 Nb6 10. Nxb6 axb6 11. O-O h6 12. a3 Bd6 13. Bxd6 Qxd6 14. e4 Qe7 15.
Qb3 $14 {1-0 Poliak Abram-Mazel Isaak/ch URS (1/2 final) 1938/Inf 01 (47)})
6... Qa5+ (6... Ne4 7. Nc3 Qa5 8. Bd3 Nxc3 9. bxc3 dxc4 10. Bxc4 Nb6 11. Bc7
Qa3 12. Bb3 Nd5 13. Bg3 Nxc3 14. O-O Nb5 15. Ne5 $44 {1-0 Belov,I-Sopur,L/
Karvina ,EXT 1992 (30)}) (6... Bb4+ 7. Nbd2 Ne4 8. a3 Qa5 9. Bd3 g5 10. Bxe4
gxf4 11. cxd5 cxd5 12. Bd3 Bd6 13. O-O Nf8 $6 (13... Nf6 14. b4 Qb6 15. Rac1
Bd7 16. e4 $14) 14. e4 Ng6 15. b4 (15. e5 Be7 16. b4 Qb6 17. Nb3 Bd7 18. Nc5
$14 {1/2-1/2 Korchnoi-Vaiser/New York PCA 1994/Inf 01 (53)}) 15... Qb6 16. exd5
exd5 17. Rfe1+ $16) 7. Nbd2 Be7 8. Bd3 dxc4 9. Bxc4 b5 10. Be2 Bb7 11. O-O O-O
12. a4 $14 {1-0 Korchnoi,V-Gusev,N/Frunze 1956 (30)}) 5... Be7 (5... Bb4+ 6.
Nbd2 Ne7 7. a3 Bd6 8. e4 dxe4 9. Nxe4 Bc7 10. Bh4 (10. Bd3 $14) 10... f6 (10...
O-O 11. Bd3 $14) 11. Bg3 O-O 12. Bd3 $14 {1-0 Eingorn,V-Comp Mephisto/Pamplona
,EXT 1990 (76)}) 6. Bxe7 Nxe7 7. e3 O-O 8. Bd3 $14 h6 (8... Nf6 9. Nc3 $14) 9.
Nc3 Kh8 10. cxd5 $1 (10. O-O f5 11. Rfc1 $14) 10... exd5 {Suddenly position
was transformed to Carlsbad variation with bad black pieces positin...} (10...
Nxd5 11. a3 $14) 11. b4 $6 (11. O-O $142 Re8 12. b4 $14) 11... a5 12. b5 c5 13.
dxc5 Nxc5 14. Nd4 (14. O-O $6 Bg4 15. Nd4 Ne6 16. h3 (16. Qa4 Nc5 17. Qc2 Ne6)
16... Nxd4 17. exd4 Be6 18. Rfe1 Qb6 $11) 14... Bg4 (14... Ne6 15. Nce2 $14) (
14... Nxd3+ 15. Qxd3 $14) 15. Na4 $5 (15. h3 Bh5 16. Rc1 Rc8 17. O-O Ne6 18.
Qa4 (18. Qd2 Nxd4 19. exd4 Qd6 $11) 18... Nc5 19. Qc2 Ne6 $11) 15... Ne6 16.
Qb2 Qd6 (16... Rc8 17. O-O $14) 17. a3 (17. O-O Qb4 $5 $132) 17... Ng6 $6 (
17... Rac8 18. O-O Bh5 $132) 18. Bxg6 (18. Nxe6 Bxe6 19. Bxg6 fxg6 20. O-O Rac8
21. Qd2 Rc4 22. Qxa5 d4 23. exd4 Qxd4 24. Qb6 Rxf2 $1 25. Qxd4 Rxf1+ 26. Rxf1
Rxd4 $132) 18... Nxd4 19. Bd3 (19. Qxd4 Qxg6 20. Nc5 Bf5 21. O-O b6 22. Na4
Rfd8 23. f3 (23. Rfc1 Be4 24. g3 Qh5 $15) 23... Rab8 $11) 19... Ne6 20. h3 Bh5
21. O-O d4 $132 22. Rfe1 (22. Be4 Rab8 23. exd4 f5 24. Bc2 Nxd4 25. Bd1 $132)
22... Rfd8 (22... dxe3 23. Rxe3 Rad8 24. Be4 b6 25. Bc6 Nd4 $11) 23. Rac1 dxe3
(23... Rac8 $11) 24. Rxe3 Nf4 (24... Rac8 25. Rce1 Nd4 26. Be4 Bg6 $11) 25. Bf1
(25. Be4 Re8 $132) 25... Rac8 26. g3 Rxc1 27. Qxc1 Ne6 28. Qc3 Bg6 $2 $16 (
28... Qd2 $11) 29. Qxa5 Nd4 $6 (29... Qd4 30. Bg2 (30. Qb6 $2 Bf5 $2 (30...
Qxa4 31. Rxe6 Rd1 32. Rd6 Ra1 33. Rd8+ Kh7 34. Qc5 Qxa3 35. Qc8 (35. Qxa3 Rxa3
36. Rd7 Ra1 37. Kg2 Bf5 38. Rxf7 Kg6 39. Rf8 Bxh3+ 40. Kxh3 Rxf1 41. Rb8 Rxf2
42. Rxb7 $11) 35... Bd3 36. Rh8+ Kg6 37. Qg4+ Kf6 38. Qd4+ $11) 31. Qxd4 Rxd4
32. Nc3 $16) 30... Qa1+ 31. Kh2 Qf6 32. Qe1 $1 $16) 30. Qb6 (30. Nb6 Nc2 31.
Nc4 $16) 30... Qxb6 (30... Rd7 31. Bg2 Kh7 32. Qxd6 Rxd6 33. Nc3 $16) 31. Nxb6
Nc2 32. Rc3 Rd1 33. f3 (33. f4 $16) 33... h5 34. Nc4 $5 (34. Kf2 $16) 34... Nd4
35. Kf2 h4 $6 $18 (35... Nxb5 36. Rb3 Rb1 (36... Nd6 37. Nxd6 Rxd6 38. Rxb7 $16
) 37. Rxb1 Bxb1 38. a4 Nc3 (38... Nc7 39. Nd6 b6 40. Nxf7+ Kg8 41. Bc4 Bc2 42.
Ne5+ Kh7 (42... Kh8 43. Bb5 (43. Bf7 h4 $11) 43... Nxb5 44. axb5 Ba4 45. Nc4 (
45. Nf7+ Kg8 46. Nd6 Kf8 47. Ke3 Ke7 48. Nf5+ Kf6 49. Nd4 Ke5 50. f4+ Kd5 51.
Nf5 Bxb5 52. Nxg7 Bd7 53. Nxh5 Bxh3 54. g4 b5 55. g5 b4 56. g6 Ke6 57. Kd4 Ke7
$44) 45... Bxb5 46. Nxb6 g5 47. Nd5 Kg7 48. h4 gxh4 49. gxh4 Kg6 50. Nf4+ Kh6
51. Ke3 Bc6 52. Ne2 Kg6 53. Ng3 $18) 43. Bd3+ Bxd3 44. Nxd3 $16) 39. a5 Ba2 40.
Nd6 Bd5 41. Ke3 $16) 36. gxh4 Nxb5 37. Rb3 Rb1 38. Rxb1 Bxb1 39. a4 Nc3 40. a5
Ba2 41. Ke3 (41. Nd6 Bd5 42. Ke3 $18) 41... Nb5 42. Ke4 Nc7 43. Ke5 Ne6 44. f4
Kh7 45. f5 Nd8 46. Kd6 g6 47. f6 Ne6 48. Ne5 Nd4 49. Kc7 Bd5 50. Bc4 1-0